Estudios jurd̕ico-penales sobre genťica y biomedicina libro-homenaje al Prof. Dr. D. Ferrando Mantovani/

Detalles Bibliográficos
Otros Autores: Bent̕ez Ortz︢ar, Ignacio Francisco (coord), Morillas Cueva, Lorenzo (coord), Peris Riera, Jaime Miguel (coord)
Formato: Desconocido
Lenguaje:español
Publicado: Madrid : Dykinson, D.L. 2005
Materias:
Acceso en línea:Acceso restringido

MARC

LEADER 00000ny a22000003n 4500
005 2011052402272.0
008 060220s2005 sp s 000 0 spa c
017 |a D.L. SE.5371-2005 
020 |a 8497727789 
035 |a 1400 
040 |a BUAL  |d vLex 
040 |a UMA.RE  |d vLex 
080 |a 082.2Mantovani, Ferrando 
080 |a 343.6:575.1(082.2) 
090 |c 198  |d 198 
245 0 0 |a Estudios jurd̕ico-penales sobre genťica y biomedicina  |h [Recurso electrn̤ico]  |b libro-homenaje al Prof. Dr. D. Ferrando Mantovani/  |c coordinadores, Ignacio F. Bent̕ez Ortz︢ar, Lorenzo Morillas Cueva, Jaime M. P 
256 |a Servicio en ln̕ea 
260 |a Madrid :  |b Dykinson,  |c D.L. 2005 
300 |a 510 p 
506 1 |a Contenido solo disponible en los productos indicados  |d vLex Global  |d vLex Global (Academic Edition, excluding Law Schools)  |d vLex Global (U.S. Academic Edition, Law Schools)  |d vLex Global (U.S. Academic Edition, excluding Law Schools)  |d vLex Global (Academic Edition, Law Schools) 
650 0 7 |a Penal  |2 Tesauro vLex 
650 0 7 |a Genťica  |2 Tesauro vLex 
700 1 |a Bent̕ez Ortz︢ar, Ignacio Francisco,  |e coord 
700 1 |a Morillas Cueva, Lorenzo,  |e coord 
700 1 |a Peris Riera, Jaime Miguel,  |e coord 
740 0 |a vLex Libros (Servicios en ln̕ea) 
856 4 0 |u http://vlex.com/source/1400  |z Acceso restringido 
942 |c BOOK 
999 0 |a Criminal Law   |b Madrid 
999 0 |a Genetics  |b Madrid